[Event "Heart of Finland op"]
[Site "Jyvaskyla"]
[Date "1998.??.??"]
[Round "?"]
[White "Tsiganova, Monika"]
[Black "Rytshagov, Mikhail"]
[Result "0-1"]
[WhiteElo "2305"]
[BlackElo "2550"]

1.e4 c5 2.Nf3 e6 3.d4 cxd4 4.Nxd4 Nc6 5.Nc3 Qc7 6.Be3 a6 7.Nb3 Nf6 8.Bd3 b5
9.O-O d6 10.f4 Be7 11.Qf3 O-O 12.g4 Bb7 13.g5 Nd7 14.Qh3 Nb4 15.f5 exf5 16.exf5 Nxd3
17.cxd3 Qd8 18.g6 Nf6 19.Ne4 hxg6 20.fxg6 Bxe4 21.dxe4 Qc8 22.Qg2 fxg6 23.Qxg6 Qg4+
24.Qxg4 Nxg4 25.Bf4 Rac8 26.Nd4 g6 27.b3 Nf6 28.Bg5 Rf7 29.Rf4 Nxe4 30.Rxe4 Bxg5
31.Rae1 Bf6 32.Rg4 Kh7 33.Ne6 Re7 34.Rge4 Rce8 35.Nf8+ Kg7 36.Rxe7+ Rxe7
37.Rxe7+ Bxe7 38.Ne6+ Kf7 39.Nc7 Bd8 40.Nxa6 Ba5 41.Nb8 Ke6 42.Kf2 d5 43.Nc6 Bc3
44.Ke2 Kd6 45.Kd3 b4 46.Nd8 Kd7 47.Nf7 Ke6 48.Nh6 Bg7 49.Ng4 Kf5 50.Ne3+ Ke5
51.Nc2 Bf8 52.Nd4 Bc5 53.Ne2 g5 54.Ng3 Kf4 55.Nh5+ Kf3 56.Ng7 Kg4 57.Ne6 Be7
58.Kd4 Kh3 59.Kxd5 g4 60.Ke4 Bd6 61.Ke3 g3 62.Ng5+ Kxh2 63.Ne4 g2 64.Nxd6 g1=Q+
65.Ke4 Qb1+ 66.Kd5 Qxa2 67.Kc4 Qd2 68.Nb5 Kg1 69.Nd4 Qc3+ 70.Kd5 Kf1 71.Ke4 Ke1
72.Nf3+ Kd1 73.Nd4 Qc8 74.Kd3 Kc1 75.Ne2+ Kb2  0-1

[Event "Kishinev (Women)"]
[Site "Kishinev"]
[Date "1998.??.??"]
[Round "9"]
[White "Madl, Ildiko"]
[Black "Shumiakina, Tatiana"]
[Result "1-0"]
[WhiteElo "2380"]
[BlackElo "2400"]

1.e4 c5 2.Nf3 Nc6 3.Nc3 e6 4.d4 cxd4 5.Nxd4 Nf6 6.Nxc6 bxc6 7.e5 Nd5 8.Ne4 Qa5+
9.c3 Ba6 10.Be2 Bxe2 11.Qxe2 f5 12.exf6 Nxf6 13.Bf4 Qf5 14.Nd6+ Bxd6 15.Bxd6 Qd5
16.Qe5 Qxe5+ 17.Bxe5 O-O 18.f3 d5 19.Kd2 Nd7 20.Bg3 e5 21.Rhe1 Rfe8 22.Re2 Re6
23.Kc2 Kf7 24.Rd1 Rae8 25.Bf2 a6 26.c4 d4 27.b4 c5 28.a3 a5 29.bxa5 e4 30.Rxe4 Rxe4
31.fxe4 Ne5 32.Rb1 Nxc4 33.Rb7+ Ke6 34.a6 Ra8 35.a7 Nd6 36.Rb6 Kd7 37.e5 Ne4
38.e6+ Kc7 39.Rb8 Rxa7 40.e7 d3+ 41.Kxd3 Nf6 42.e8=Q Rxa3+ 43.Ke2 Ra2+ 44.Kf3 Nxe8
45.Rxe8 c4 46.Bd4 g6 47.Re2 Ra3+ 48.Re3 Ra2 49.Rc3 Ra4 50.Ke4 Kc6 51.Rc2 Kb5
52.Kd5 Ra3 53.Rb2+  1-0

[Event "Klatovy op-A"]
[Site "Klatovy"]
[Date "1998.??.??"]
[Round "?"]
[White "Simandl, Karel"]
[Black "Novak, Pavel"]
[Result "1-0"]
[WhiteElo "2150"]
[BlackElo "2115"]

1.e4 c5 2.Nf3 e6 3.d4 cxd4 4.Nxd4 Nc6 5.Nc3 Qc7 6.g3 a6 7.Bg2 Nf6 8.O-O Nxd4
9.Qxd4 Bc5 10.Qd3 O-O 11.Bf4 d6 12.Na4 e5 13.Nxc5 exf4 14.Nb3 fxg3 15.hxg3 Be6
16.Rfd1 Bxb3 17.Qxb3 Rfe8 18.Rd4 h6 19.Rad1 Rad8 20.c3 Re6 21.Qb4 Rde8 22.Rxd6 Nxe4
23.Rxe6  1-0

[Event "RUS-ch U18"]
[Site "Kolontaevo"]
[Date "1998.??.??"]
[Round "?"]
[White "Rogovoi, Mark"]
[Black "Zaitsev, Mikhail"]
[Result "0-1"]
[WhiteElo "2155"]
[BlackElo "2270"]

1.e4 c5 2.Nf3 e6 3.d4 cxd4 4.Nxd4 Nc6 5.Nc3 Qc7 6.Be2 Nf6 7.O-O Be7 8.Kh1 d6
9.f4 O-O 10.a4 a6 11.Be3 Nxd4 12.Bxd4 e5 13.Be3 exf4 14.Bxf4 Be6 15.Qd3 Rac8
16.Rad1 Rfd8 17.Qg3 Qb6 18.e5 Ne8 19.exd6 Bxd6 20.Bxd6 Rxd6 21.Rxd6 Nxd6
22.Bg4 Re8 23.b3 Bxg4 24.Qxg4 Qc5 25.Qf4 Re6 26.Qd2 h6 27.Re1 Rxe1+ 28.Qxe1 b5
29.axb5 axb5 30.Qd2 b4 31.Nd1 Ne4 32.Qe2 Qd4 33.Ne3 h5 34.g3 h4 35.Kg2 Ng5
36.gxh4 Ne6 37.Qf3 Qxh4 38.Ng4 Qg5 39.Kf2 Qc5+ 40.Ne3 Qd4 41.Qg4 Qd2+ 42.Qe2 Qd6
43.Nf1 g6 44.Qc4 Nd4 45.Qd3 Qf4+ 46.Kg2 Qg4+ 47.Kf2 Qh4+ 48.Kg2 Ne6  0-1

[Event "RUS-ch sf"]
[Site "Krasnodar"]
[Date "1998.??.??"]
[Round "?"]
[White "Tseshkovsky, Vitaly"]
[Black "Tunik, Gennady"]
[Result "1/2-1/2"]
[WhiteElo "2510"]
[BlackElo "2470"]

1.e4 c5 2.Nc3 Nc6 3.Nf3 e6 4.d4 cxd4 5.Nxd4 a6 6.Be3 Qc7 7.Bd3 Nf6 8.O-O Ne5
9.Be2 b5 10.f4 Nc4 11.Bxc4 Qxc4 12.e5 Nd5 13.Nxd5 Qxd5 14.Qe2 Bb7 15.Rad1 Qe4
16.Qf2 Be7 17.f5 O-O 18.f6 gxf6 19.Nf3 Bd5 20.Rd4 Qg6 21.Rxd5 exd5 22.Nh4 Qh5
23.Nf5 Rfe8 24.exf6 Bf8 25.Bc5 Bxc5 26.Qxc5 Re5 27.Qf2 Rae8 28.Ng7 Qe2 29.Nxe8 Qxf2+
30.Kxf2 Rxe8 31.g4 Re6 32.Kg3 h6 33.h4 h5 34.g5 Re5 35.c3 Kh7 36.Rd1 Kg6
37.Rd4 Re2 38.Rxd5 Rxb2 39.Rxd7 Rxa2 40.Rd8 Rc2 41.Kf4 Rf2+ 42.Ke5 Re2+  1/2-1/2

[Event "Krasnodar2"]
[Site "Krasnodar"]
[Date "1998.??.??"]
[Round "1"]
[White "Maiorov, Oleg"]
[Black "Tregubov, Pavel V"]
[Result "1-0"]
[WhiteElo "2405"]
[BlackElo "2560"]

1.e4 c5 2.Nf3 e6 3.d4 cxd4 4.Nxd4 Nc6 5.Nc3 Qc7 6.Be3 a6 7.Bd3 Nf6 8.O-O Nxd4
9.Bxd4 Bc5 10.Bxf6 gxf6 11.Qg4 Kf8 12.Kh1 h5 13.Qh4 Be7 14.f4 b5 15.f5 Bb7
16.Ne2 e5 17.Ng3 Rd8 18.c3 Qb6 19.Rae1 d5 20.Re2 dxe4 21.Bxe4 Bxe4 22.Nxe4 b4
23.h3 Qb5 24.Ree1 bxc3 25.bxc3 Qc4 26.a3 Rd2 27.Rb1 Rg8 28.Rb8+ Rd8 29.Rxd8+ Bxd8
30.Rd1 Be7 31.Rb1 Qd3 32.Rb8+ Kg7 33.Rb7 Kh6 34.Kh2 Qd8 35.Rxe7 Qxe7 36.Nxf6 Rg5
37.Ng8+  1-0

[Event "Krasnodar"]
[Site "Krasnodar"]
[Date "1998.??.??"]
[Round "4"]
[White "Iordachescu, Viorel"]
[Black "Beshukov, Sergei"]
[Result "0-1"]
[WhiteElo "2520"]
[BlackElo "2405"]

1.e4 c5 2.Nf3 e6 3.d4 cxd4 4.Nxd4 Nc6 5.Nc3 Qc7 6.Be2 a6 7.O-O Nf6 8.Kh1 Nxd4
9.Qxd4 Bc5 10.Qd3 b5 11.f4 Bb7 12.Bf3 h5 13.Be3 Bxe3 14.Qxe3 Ng4 15.Qd2 Rd8
16.a3 Bc6 17.Rae1 Kf8 18.Ne2 e5 19.f5 Nf6 20.Nc3 d6 21.Re3 Qb7 22.Rd1 Rh6
23.Qe1 Qe7 24.Na2 Bb7 25.Nb4 Rc8 26.Qd2 Ne8 27.Rd3 Rc4 28.Qe2 h4 29.h3 Qc7
30.c3 Qe7 31.a4 bxa4 32.Re3 Qc7 33.Qd3 a5 34.Nd5 Bxd5 35.Qxd5 Rc5 36.Qa2 Qb6
37.Re2 Qb3 38.Ra1 Qxa2 39.Rxa2 Rc4 40.Re3 Nf6 41.Kg1 Ke7 42.Be2 Rxe4 43.Rxe4 Nxe4
44.Rxa4 Ng3 45.Bc4 Rf6 46.Rxa5 Rxf5 47.Ra7+ Ke8 48.Ra8+ Kd7 49.Ra7+ Kc6 50.Ra6+ Kc7
51.Ra7+ Kb8 52.Rd7 Rf6 53.Ba6 e4 54.Rb7+ Ka8 55.Re7 d5 56.Bb5 Rb6 57.c4 dxc4
58.Bxc4 f5 59.Kf2 Rxb2+ 60.Ke3 g5 61.Kd4 Kb8 62.Kc5 Rc2 63.Kb5 Kc8 64.Kc5 f4
65.Kd5 e3 66.Bb5 Rc7 67.Re5 Kb7 68.Rxg5 Kb6 69.Kd4 Re7 70.Bc4  0-1

[Event "Krasnodar2"]
[Site "Krasnodar"]
[Date "1998.??.??"]
[Round "4"]
[White "Shovunov, Baatr"]
[Black "Poluljahov, Aleksandr"]
[Result "1-0"]
[WhiteElo "2475"]
[BlackElo "2505"]

1.e4 c5 2.Nf3 e6 3.d4 cxd4 4.Nxd4 Nc6 5.Nc3 Qc7 6.Be2 a6 7.O-O Nf6 8.Kh1 Nxd4
9.Qxd4 Bc5 10.Qd3 b5 11.f4 Bb7 12.Bf3 h5 13.e5 Ng4 14.Bxb7 Qxb7 15.Ne4 Be7
16.Qf3 Qc6 17.b3 Rb8 18.Bb2 Qxc2 19.Bd4 Rc8 20.f5 exf5 21.Qxf5 O-O 22.Rae1 Rc6
23.h3 Nh6 24.Qxh5 Rg6 25.Rf2 Qc6 26.Rf4 d6 27.exd6 Bxd6 28.Rxf7 Bb4 29.Rxf8+ Bxf8
30.Qf3 Qc2 31.Rf1 Nf5 32.Bf2 Nd6 33.Ng3 Rf6 34.Qd5+ Kh7 35.Bd4 Rxf1+ 36.Nxf1 Ne4
37.Qh5+ Kg8 38.Qd5+ Kh7 39.Qf5+ Kg8 40.Qe6+ Kh7 41.Kg1 Qd3 42.Qe5 b4 43.Qh5+ Kg8
44.Qd5+ Kh7 45.Qc4 Qxc4 46.bxc4 Nc3 47.Kf2 Nxa2 48.Ke3 Kg6 49.c5 Kf7 50.Kd3 a5
51.Kc4 Ke6 52.Ne3 a4 53.Nd5 a3 54.Nf4+ Kf5 55.c6 Bd6 56.Nd5 Ke6 57.Bxg7 b3
58.Kxb3 Kxd5  1-0

[Event "Krasnodar"]
[Site "Krasnodar"]
[Date "1998.??.??"]
[Round "5"]
[White "Beshukov, Sergei"]
[Black "Tregubov, Pavel V"]
[Result "1/2-1/2"]
[WhiteElo "2405"]
[BlackElo "2560"]

1.e4 c5 2.Nf3 e6 3.d4 cxd4 4.Nxd4 Nc6 5.Nc3 Qc7 6.Be2 a6 7.O-O Nf6 8.Kh1 Nxd4
9.Qxd4 Bc5 10.Qd3 b5 11.f4 Bb7 12.Bf3 h5 13.e5 Ng4 14.Bxb7 Qxb7 15.Ne4  1/2-1/2

[Event "RUS-Cup"]
[Site "Krasnodar"]
[Date "1998.??.??"]
[Round "6"]
[White "Dashko, Andrey"]
[Black "Tregubov, Pavel V"]
[Result "0-1"]
[WhiteElo "2295"]
[BlackElo "2560"]

1.e4 c5 2.Nf3 e6 3.d4 cxd4 4.Nxd4 Nc6 5.Nc3 Qc7 6.Be3 a6 7.Be2 Nf6 8.O-O Bb4
9.Na4 Be7 10.Nxc6 bxc6 11.Nb6 Rb8 12.Nxc8 Qxc8 13.Bd4 c5 14.Be5 Rb6 15.Bf3 O-O
16.Bc3 d6 17.a4 Nd7 18.a5 Rb8 19.Qd2 Rd8 20.Rfd1 Bf6 21.Bxf6 Nxf6 22.e5 Ne8
23.exd6 Nxd6 24.Qc3 Nb5 25.Rxd8+ Qxd8 26.Qxc5 Nd4 27.Bd1 Rxb2 28.c3 Nb5 29.Bf3 g6
30.h3 Rc2 31.Qb6 Qc8 32.Rf1 Qxc3 33.Qxa6 Nd4 34.Bb7 Ra2 35.Rd1 Qb2 36.Qb6 Qxf2+
37.Kh1 Rb2 38.Qa7 Rd2 39.Rb1 Qf5 40.Qb6 Ne2 41.a6 Ra2 42.Re1 Qe5 43.Rb1 Qf5
44.Re1 Qe5 45.Rb1 Nc3 46.Rf1 Ne4 47.Rb1 Nc3 48.Rf1 Nd5  0-1

[Event "Krasnodar"]
[Site "Krasnodar"]
[Date "1998.??.??"]
[Round "7"]
[White "Zezulkin, Jurij"]
[Black "Tregubov, Pavel V"]
[Result "1/2-1/2"]
[WhiteElo "2485"]
[BlackElo "2560"]

1.e4 c5 2.Nf3 e6 3.d4 cxd4 4.Nxd4 Nc6 5.Nc3 Qc7 6.Be2 a6 7.O-O Nf6 8.Kh1 Nxd4
9.Qxd4 Bc5 10.Qd3 b5 11.Bg5 Bb7 12.f4 Bb4 13.Bf3 Bxc3 14.bxc3 Rc8 15.a4 Qxc3
16.axb5 Qxd3 17.cxd3 axb5 18.Rfb1 Bc6 19.Bxf6 gxf6 20.d4 d6 21.Ra7 O-O 22.d5 Ba8
23.Rd7 exd5 24.exd5 Rc5 25.Rxd6 Rb8 26.Kg1 b4 27.Kf2 b3 28.Rxb3 Rxb3 29.Rd8+ Kg7
30.Rxa8 Rc4 31.Kg3 f5 32.Ra7 Rd4 33.Rd7 Ra3 34.h3 Rb3 35.Rd6 Rbb4 36.Rd7 Rxf4
37.Bh5 Rf1 38.Rxf7+ Kg8 39.h4 f4+ 40.Kh2 Rbb1 41.Kh3 Rb3+ 42.Kh2 Rf2 43.Rf5 Rg3
44.Rg5+ Rxg5 45.hxg5 Kg7 46.Kh3 h6 47.gxh6+ Kxh6 48.Bf3 Kg5 49.d6 Rd2 50.g3 Rd3
51.d7 Rxd7 52.gxf4+ Kxf4 53.Bc6 Rd3+ 54.Kg2 Rg3+ 55.Kf1 Ke3 56.Bb7 Rg7  1/2-1/2

[Event "Krasnodar2"]
[Site "Krasnodar"]
[Date "1998.??.??"]
[Round "8"]
[White "Shovunov, Baatr"]
[Black "Tregubov, Pavel V"]
[Result "1-0"]
[WhiteElo "2475"]
[BlackElo "2560"]

1.e4 c5 2.Nf3 e6 3.d4 cxd4 4.Nxd4 Nc6 5.Nc3 Qc7 6.Be3 a6 7.f4 Nxd4 8.Qxd4 b5
9.Be2 Bb7 10.Bf3 Rc8 11.O-O h5 12.Rad1 Nf6 13.Rd2 Ng4 14.Bxg4 hxg4 15.Rfd1 Bc6
16.Nd5 exd5 17.exd5 Ba8 18.Qe4+ Kd8 19.Qf5 Bc5 20.Re1 Re8 21.Qg5+ f6 22.Qxg7 Qxf4  1-0

[Event "RUS-Cup"]
[Site "Krasnodar"]
[Date "1998.??.??"]
[Round "8"]
[White "Beshukov, Sergei"]
[Black "Tregubov, Pavel V"]
[Result "1/2-1/2"]
[WhiteElo "2405"]
[BlackElo "2560"]

1.e4 c5 2.Nf3 e6 3.d4 cxd4 4.Nxd4 Nc6 5.Nc3 Qc7 6.g3 a6 7.Bg2 d6 8.O-O Bd7
9.Nb3 Nf6 10.f4 Be7 11.Be3 Rc8 12.Qe2 b5 13.a3 b4 14.axb4 Nxb4 15.h3 O-O
16.g4 d5 17.exd5 Nfxd5 18.Nxd5 exd5 19.Nd4 Nxc2 20.Qxc2 Qxc2 21.Nxc2 Rxc2
22.Rf2 Rxf2 23.Bxf2 Bb5 24.Bxd5 Bf6 25.Rb1 Rd8 26.Bg2 Rd2 27.b4 g6 28.Bb7 Kg7
29.Bc5 h6 30.Rb3 Rd7 31.Bf3 Rd2 32.Bb7 Rd1+ 33.Kg2 Rd7 34.Bf3 Rd2+ 35.Kg3 g5
36.Be3 Ra2 37.Bd5 Ba4 38.Rd3 Rb2 39.Bc4 Bc6 40.Rd2 gxf4+ 41.Bxf4 Rxb4 42.Bd5 Bb5
43.Bc7 Rd4 44.Rxd4 Bxd4 45.Ba5 Bd3 46.Kf4 Bf6 47.Be4 Bg5+ 48.Kf3 Bxe4+ 49.Kxe4 Kf6
50.Kd5 Bf4 51.h4 Kg6 52.Kc6 Bg3 53.Kb6 Bxh4 54.Kxa6 Kg5 55.Bd2+ Kxg4 56.Bxh6 f5
57.Kb5 Bg5 58.Bf8 f4 59.Kc4 f3 60.Kd3 Kg3 61.Bc5 Kg2 62.Ke4 Bh4 63.Kf5 Bf2
64.Be7 Bb6 65.Bh4 Bd8 66.Be1 Kf1 67.Bg3 Ke2  1/2-1/2

[Event "RUS-Cup"]
[Site "Krasnodar"]
[Date "1998.??.??"]
[Round "9"]
[White "Kobalija, Mihail"]
[Black "Beshukov, Sergei"]
[Result "1/2-1/2"]
[WhiteElo "2500"]
[BlackElo "2405"]

1.e4 c5 2.Nf3 e6 3.d4 cxd4 4.Nxd4 Nc6 5.Nc3 Qc7 6.Be2 a6 7.O-O Nf6 8.Kh1 Nxd4
9.Qxd4 Bc5 10.Qd3 b5 11.f4 Bb7 12.Bf3 h5 13.e5 Ng4 14.Bxb7 Qxb7 15.Ne4 Rc8
16.b3 Qc6 17.Qf3 Nh6 18.Be3 Ba3 19.Bc1 Bc5 20.Be3 Ba3  1/2-1/2

[Event "RUS-Cup"]
[Site "Krasnoiarsk"]
[Date "1998.??.??"]
[Round "1"]
[White "Makarov, Marat"]
[Black "Salinnikov, Denis Y"]
[Result "1/2-1/2"]
[WhiteElo "2540"]
[BlackElo "2370"]

1.e4 c5 2.Nf3 Nc6 3.d4 cxd4 4.Nxd4 e6 5.Nc3 Qc7 6.g3 a6 7.Bg2 Nf6 8.Nb3 b5
9.O-O Bb7 10.a3 Be7 11.f4 d6 12.Be3 Rc8 13.Qe2 O-O 14.g4 Na5 15.g5 Nd7 16.Nxa5 Qxa5
17.f5 b4 18.axb4 Qxb4 19.Ra3 Qc4 20.Qd2 d5 21.Rb3 Bb4 22.exd5 Nc5 23.Rf4 Nxb3
24.Rxc4 Nxd2 25.Rxb4 Nc4 26.Bf2 Bxd5 27.Nxd5 exd5  1/2-1/2

[Event "RUS-Cup"]
[Site "Krasnoiarsk"]
[Date "1998.??.??"]
[Round "8"]
[White "Dvoirys, Semen I"]
[Black "Landa, Konstantin"]
[Result "1/2-1/2"]
[WhiteElo "2585"]
[BlackElo "2505"]

1.e4 c5 2.Nf3 Nc6 3.d4 cxd4 4.Nxd4 e6 5.Nc3 Qc7 6.Be3 a6 7.f4 Nxd4 8.Qxd4 b5
9.Be2 Bb7 10.Bf3 Rc8 11.O-O h5 12.Rad1 Nf6 13.h3 h4 14.Rf2 Bc5 15.Qd3 Bxe3
16.Qxe3 Qc5 17.Qd3 e5 18.fxe5 Qxe5 19.Qd6 Qxd6 20.Rxd6 Rc6 21.Rd4 Rc4 22.Rxc4 bxc4
23.e5 Bxf3 24.Rxf3 Nh5 25.Ne4 Ke7 26.Nd6 Ke6 27.Nxc4 Rc8 28.b3 Rc5 29.Rd3 Rd5
30.Rxd5 Kxd5 31.Kf2 Nf4 32.Nd6 Kxe5 33.Nxf7+ Kd4 34.c4 Nd3+ 35.Ke2 Kc3  1/2-1/2

[Event "Kstovo"]
[Site "Kstovo"]
[Date "1998.??.??"]
[Round "1"]
[White "Bologan, Viktor"]
[Black "Brodsky, Michail"]
[Result "1/2-1/2"]
[WhiteElo "2580"]
[BlackElo "2545"]

1.e4 c5 2.Nf3 Nc6 3.d4 cxd4 4.Nxd4 e6 5.Nc3 Qc7 6.Be2 Nf6 7.O-O a6 8.Kh1 Nxd4
9.Qxd4 Bc5 10.Qd3 b5 11.Bg5 Bb7 12.f4 b4 13.e5 Nd5 14.Nxd5 Bxd5 15.Bf3 Bxf3
16.Rxf3 d5 17.Re1 Qc6 18.Rh3 Qb5 19.Qd1 Qd7 20.Qh5 Rc8 21.f5 Bf8 22.c3 g6
23.Qe2 gxf5 24.Bf6 Rg8 25.Qxa6 h6 26.cxb4 Bxb4 27.Rf1 Qc6 28.Qxc6+ Rxc6 29.Rb3 Rg4
30.g3 Re4 31.a3 Ba5 32.Rb7 Bc7 33.Rf2 d4 34.Rd2 Bxe5  1/2-1/2

[Event "Kstovo"]
[Site "Kstovo"]
[Date "1998.??.??"]
[Round "2"]
[White "Novgorodskij, Vladimir"]
[Black "Brodsky, Michail"]
[Result "1/2-1/2"]
[WhiteElo "2420"]
[BlackElo "2545"]

1.e4 c5 2.Nf3 Nc6 3.d4 cxd4 4.Nxd4 e6 5.Nc3 Qc7 6.Be3 a6 7.Bd3 b5 8.O-O Bb7
9.Qe2 Nf6 10.f4 Nxd4 11.Bxd4 Bc5 12.Bxc5 Qxc5+ 13.Kh1 d6 14.Rae1 e5  1/2-1/2

[Event "RUS-ch sf"]
[Site "Kstovo"]
[Date "1998.??.??"]
[Round "2"]
[White "Akhmadeev, Vadim"]
[Black "Ariskin, Alexey"]
[Result "1-0"]
[WhiteElo "2445"]
[BlackElo "2335"]

1.e4 c5 2.Nf3 e6 3.Nc3 Nc6 4.d4 cxd4 5.Nxd4 d6 6.Be3 Nf6 7.Qd2 Be7 8.f3 O-O
9.O-O-O Nxd4 10.Bxd4 e5 11.Be3 Be6 12.Kb1 a6 13.g4 Rc8 14.g5 Nh5 15.h4 f5
16.Bh3 Qd7 17.Nd5 Bd8 18.Rhg1 fxe4 19.Bxe6+ Qxe6 20.fxe4 b5 21.Qg2 Rc4 22.b3 Rc6
23.Rgf1 Rxf1 24.Rxf1 g6 25.Nb4 Rc8 26.Nxa6 Ba5 27.Bd2 Nf4 28.Qh2 Bxd2 29.Qxd2 d5
30.Nb4 dxe4 31.Re1 Re8 32.Rxe4 Qf5 33.Nd5 Rd8 34.Ne7+ Kf7 35.Nxf5 Rxd2 36.Rxe5 b4
37.Nh6+ Kf8 38.Rb5 Nd5 39.Kb2 Nf4 40.Rxb4  1-0

[Event "RUS-ch sf"]
[Site "Kstovo"]
[Date "1998.??.??"]
[Round "4"]
[White "Akhmadeev, Vadim"]
[Black "Hasangatin, Ramil"]
[Result "1/2-1/2"]
[WhiteElo "2445"]
[BlackElo "2460"]

1.e4 c5 2.Nf3 Nc6 3.Nc3 e6 4.d4 cxd4 5.Nxd4 Qc7 6.g3 a6 7.Bg2 Nf6 8.O-O Bc5
9.Nb3 Ba7 10.a4 d6 11.Qe2 Ne5 12.Be3 Bxe3 13.Qxe3 Nc4 14.Qc1 e5 15.Nd2 Be6
16.Nxc4 Bxc4 17.Rd1 O-O 18.Qd2 Rfd8  1/2-1/2

[Event "La Coruna op"]
[Site "La Coruna"]
[Date "1998.??.??"]
[Round "?"]
[White "Roa, Santiago"]
[Black "Paunovic, Dragan"]
[Result "0-1"]
[WhiteElo "2360"]
[BlackElo "2475"]

1.e4 c5 2.Nf3 e6 3.d4 cxd4 4.Nxd4 Nc6 5.Nc3 Qc7 6.g3 a6 7.Bg2 Nf6 8.O-O Bc5
9.Bf4 e5 10.Nb3 exf4 11.Nxc5 d6 12.Nd3 fxg3 13.fxg3 Be6 14.Kh1 Ne5 15.Nxe5 dxe5
16.Nd5 Bxd5 17.exd5 Rd8 18.Rxf6 gxf6 19.Qf3 Qxc2 20.Qxf6 O-O 21.Rf1 Qg6 22.Qxe5 Qg7
23.Rf6 Rfe8 24.Qf4 Re1+ 25.Bf1 Re4 26.Rd6 Rxd6 27.Qxd6 Qe5 28.Qd7 Re1 29.Qc8+ Kg7
30.Qg4+ Kf8 31.Qc8+ Qe8 32.Qc5+ Kg8 33.Kg2 Qe4+ 34.Kf2 Rd1 35.Qc8+ Kg7 36.Qc3+ Qd4+
37.Qxd4+ Rxd4 38.Ke3 Rxd5 39.Bg2 Rd7 40.Be4 h6 41.a3 a5  0-1

[Event "VfB op 5th"]
[Site "Leipzig"]
[Date "1998.??.??"]
[Round "4"]
[White "Wiegner, Denis"]
[Black "Ksieski, Zbigniew"]
[Result "0-1"]
[WhiteElo "2130"]
[BlackElo "2410"]

1.Nf3 c5 2.e4 e6 3.d4 cxd4 4.Nxd4 Nc6 5.Nc3 d6 6.Be3 Nf6 7.f3 Be7 8.Qd2 O-O
9.O-O-O d5 10.exd5 Nxd5 11.Nxd5 exd5 12.Kb1 Bf6 13.c4 Nxd4 14.Bxd4 Bf5+ 15.Bd3 Bxd3+
16.Qxd3 dxc4 17.Qxc4 Rc8 18.Qb4 Bxd4 19.Rxd4 Qc7 20.Qd2 Rfd8 21.Rxd8+ Rxd8
22.Qe3 h5 23.g3 Qd7 24.Re1 g6 25.a3 Qf5+ 26.Qe4 Re8  0-1

[Event "Leon Man+Comp m"]
[Site "Leon"]
[Date "1998.??.??"]
[Round "7"]
[White "Topalov, Veselin"]
[Black "Kasparov, Gary"]
[Result "0-1"]
[WhiteElo "2740"]
[BlackElo "2825"]

1.e4 c5 2.Nf3 e6 3.d4 cxd4 4.Nxd4 Nc6 5.Nc3 d6 6.Be3 Nf6 7.Bc4 Be7 8.Qe2 a6
9.Bb3 Qc7 10.O-O-O O-O 11.Rhg1 Nd7 12.Kb1 Nc5 13.Qh5 Nxb3 14.axb3 Qa5 15.g4 Qxh5
16.gxh5 Re8 17.Bh6 g6 18.Na4 Nxd4 19.Rxd4 b5 20.Nb6 Rb8 21.Nxc8 Rexc8 22.Rd3 Rc5
23.hxg6 hxg6 24.Bf4 Rh5 25.Bxd6 Bxd6 26.Rxd6 Rxh2 27.Rf1 Ra8 28.Rb6 Kg7 29.c4 bxc4
30.bxc4 a5 31.Ka2 Rh3 32.f3 g5 33.Rb5 Kf6 34.b3 a4 35.b4 Rh2+ 36.Ka3 Rc2
37.c5 Rc3+ 38.Kb2 Re3 39.Rf2 Ke5 40.c6+ Kd6 41.Rc5 Rb3+ 42.Ka2 Rxb4 43.Rc3 Kc7
44.Rd2 Rd8 45.Rxd8 Kxd8 46.Rd3+ Kc7 47.Rd7+ Kxc6 48.Rxf7 g4 49.fxg4 Rxe4
50.Rg7 Re3 51.Rg8 Rg3 52.g5 Kd5 53.g6 Ke5 54.g7 Kf6 55.Ra8 Rxg7 56.Rxa4 Rb7
57.Rf4+ Kg5 58.Rf1 e5 59.Rg1+ Kf5 60.Rf1+ Ke4 61.Re1+ Kd4 62.Rd1+ Kc3 63.Re1 Re7
64.Rh1 e4 65.Kb1 e3  0-1

[Event "PER-ch sf"]
[Site "Lima"]
[Date "1998.??.??"]
[Round "2"]
[White "Vera, Kelver"]
[Black "Ledesma, Otoniel"]
[Result "0-1"]
[WhiteElo "2115"]
[BlackElo "2270"]

1.e4 c5 2.Nf3 e6 3.d4 cxd4 4.Nxd4 Nc6 5.Nc3 a6 6.Be3 Nf6 7.Nxc6 bxc6 8.e5 Nd5
9.Nxd5 cxd5 10.Bd3 Qc7 11.Bf4 g5 12.Bg3 Bg7 13.Qe2 Rb8 14.c3 Qb6 15.Rb1 h5
16.h4 g4 17.O-O Bf8 18.Kh2 Be7 19.f4 Qd8 20.Qf2 Rb6 21.f5 d6 22.Rbe1 dxe5
23.Rxe5 Rh6 24.Qe3 Rf6 25.fxe6 Rxf1 26.Bxf1 Rxe6 27.Rxe6 Bxe6 28.Bxa6 Bxh4
29.Bb5+ Kf8 30.Qh6+ Kg8 31.Be5 f6 32.Bd3 Qe7 33.Qg6+ Kf8 34.Bf4 Bf7 35.Qf5 Bg5
36.a4 Be6 37.Bxg5 Bxf5 38.Bh6+ Kf7  0-1

[Event "POR-ch"]
[Site "Lisbon"]
[Date "1998.??.??"]
[Round "6"]
[White "Santos, Carlos P"]
[Black "Costa, Fernando JM"]
[Result "1-0"]
[WhiteElo "2400"]
[BlackElo "2115"]

1.e4 c5 2.Nf3 e6 3.d4 cxd4 4.Nxd4 Nc6 5.Nc3 Qc7 6.Be3 a6 7.Bd3 Nf6 8.O-O Be7
9.f4 d6 10.Qf3 O-O 11.Rad1 Nxd4 12.Bxd4 e5 13.fxe5 dxe5 14.Qg3 Bc5 15.Bxc5 Qxc5+
16.Kh1 Ne8 17.Nd5 f6 18.b4 Qa7 19.Bc4 Be6 20.Ne7+ Kf7 21.Bxe6+ Kxe7 22.Rd7+ Kxe6
23.Qd3 f5 24.Qd5+ Kf6 25.Rxf5+ Kg6 26.Rxf8 Qe3 27.Qf7+ Kh6 28.Qe6+ Nf6 29.Rxf6+  1-0

[Event "POR-ch"]
[Site "Lisbon"]
[Date "1998.??.??"]
[Round "8"]
[White "Ribeiro, Fernando"]
[Black "Galego, Luis"]
[Result "0-1"]
[WhiteElo "2335"]
[BlackElo "2425"]

1.e4 c5 2.Nf3 e6 3.d4 cxd4 4.Nxd4 Nc6 5.Nc3 Qc7 6.g3 a6 7.Bg2 Nf6 8.O-O d6
9.Be3 Bd7 10.f4 Na5 11.g4 Nc4 12.Bc1 Qc5 13.g5 Nh5 14.Kh1 g6 15.f5 h6 16.Nce2 hxg5
17.fxg6 fxg6 18.b4 Qe5 19.Qd3 Rc8 20.Rb1 g4 21.b5 axb5 22.a4 g5 23.Nxb5 Be7
24.Na3 Nf6 25.Ng3 Nxa3 26.Bxa3 Rc3 27.Bb2 Qxg3 28.Qxg3 Rxg3 29.Bxf6 Bxf6
30.Rxf6 Ra3 31.Rxb7 Ke7 32.Rf1 Rxa4 33.Rfb1 g3 34.Bf1 Rxe4 35.Bb5 Rd8 36.hxg3 Ke8
37.Bd3 Bc6 38.Bxe4 Bxe4+ 39.Kh2 Bxb7 40.Rxb7 Rc8 41.Rb2 Ke7 42.Kh3 Rc4 43.Kg2 g4
44.Kf2 e5 45.Ra2 Ke6 46.Ke2 Rc3 47.Kf2 Kf5  0-1

[Event "Lohmar"]
[Site "Lohmar"]
[Date "1998.??.??"]
[Round "7"]
[White "Broehl, Stefan"]
[Black "Fleischer, Uwe"]
[Result "1-0"]
[WhiteElo "2205"]
[BlackElo "2115"]

1.e4 c5 2.Nc3 Nc6 3.Nge2 e6 4.d4 cxd4 5.Nxd4 d6 6.Be2 Nf6 7.O-O Be7 8.Be3 O-O
9.f4 Bd7 10.Nb3 a6 11.a4 b6 12.Bf3 Qc7 13.g4 Bc8 14.g5 Nd7 15.Bg2 Bb7 16.Qh5 Rfe8
17.Rae1 Nf8 18.f5 Qd8 19.Re2 Ne5 20.Ref2 f6 21.fxe6 Nxe6 22.gxf6 Bxf6 23.Nd5 Bxd5
24.exd5 Nf8 25.Nd2 Neg6 26.Ne4 Bh4 27.Rf5 Rxe4 28.Bxe4 Qe7 29.Qg4 Re8 30.Bxb6 Qxe4
31.Qxe4 Rxe4 32.Bc7 Be7 33.b3 Nd7 34.a5 Nde5 35.c4 Nd3 36.R5f3 Nge5 37.Rg3 Bh4
38.Bxd6 Nf7 39.Rxf7  1-0

[Event "SLO-ch (Women)"]
[Site "Maribor"]
[Date "1998.??.??"]
[Round "7"]
[White "Krivec, Jana"]
[Black "Mihevc, Narcisa"]
[Result "1-0"]
[WhiteElo "2150"]
[BlackElo "2205"]

1.e4 c5 2.Nf3 e6 3.d4 cxd4 4.Nxd4 Nc6 5.Nc3 Qc7 6.g3 a6 7.Bg2 Nf6 8.O-O Bc5
9.Be3 Ne5 10.Bf4 d6 11.Nf3 Bd7 12.h3 Bc6 13.Nd4 Bd7 14.Nb3 Ba7 15.g4 h6 16.Kh1 Nc4
17.Bc1 O-O-O 18.Nd4 Nh7 19.f4 g5 20.fxg5 Nxg5 21.Nce2 Ne5 22.Ng3 Ba4 23.Be3 Nc4
24.Bf2 Nxb2 25.Qb1 Nc4 26.Qb4 Bd7 27.Rab1 a5 28.Qc3 Bxd4 29.Bxd4 e5 30.Bf2 Ne6
31.Nf5 Nf4 32.Qxc4 Bc6 33.Bb6  1-0

[Event "Miskolc Avas op"]
[Site "Miskolc"]
[Date "1998.??.??"]
[Round "7"]
[White "Gonczi, Jozsef"]
[Black "Kundrak, Gabor"]
[Result "1/2-1/2"]
[WhiteElo "2140"]
[BlackElo "2265"]

1.e4 c5 2.Nf3 Nc6 3.d4 cxd4 4.Nxd4 e6 5.Nc3 d6 6.g4 Nge7 7.Be3 a6 8.g5 b5
9.f4 Bb7 10.Bg2 h6 11.h4 hxg5 12.hxg5 Rxh1+ 13.Bxh1 Rc8 14.Nxc6 Nxc6 15.Qg4 Qa5
16.g6 b4 17.gxf7+ Kxf7 18.Ne2 b3+ 19.Kf2 bxc2 20.Rg1 Qxa2 21.e5 Nd8 22.f5 Kg8
23.Bxb7 Nxb7 24.f6 Rc7 25.Qh5 Qd5 26.fxg7 Rxg7 27.Rxg7+ Bxg7 28.Qe8+ Kh7  1/2-1/2

[Event "Montecatini Terme"]
[Site "Montecatini Terme"]
[Date "1998.??.??"]
[Round "3"]
[White "Drei, Andrea"]
[Black "Vezzosi, Paolo"]
[Result "1-0"]
[WhiteElo "2320"]
[BlackElo "2275"]

1.e4 c5 2.Nf3 Nc6 3.d4 cxd4 4.Nxd4 e6 5.Nc3 d6 6.g3 Bd7 7.Ndb5 Qb8 8.a4 Nf6
9.Be3 Be7 10.f4 O-O 11.Bg2 Nb4 12.O-O a6 13.Nd4 Qc7 14.g4 d5 15.e5 Ne8 16.Qd2 f6
17.exf6 Nxf6 18.Bf3 Bc5 19.g5 Ne8 20.Rae1 Nd6 21.b3 Rac8 22.Kh1 Bxd4 23.Bxd4 Nf5
24.Be5 Qc5 25.Re2 Nc6 26.Nd1 Nxe5 27.Rxe5 Qxc2 28.Qb4 b5 29.Bg4 Qc5 30.Qxc5 Rxc5
31.Ne3 g6 32.axb5 Rxb5 33.Bxf5 gxf5 34.Ra1 Ra8 35.Ra3 Rb4 36.Ng2 d4 37.Kg1 d3
38.Re3 Rd4 39.Ra1 Rb8 40.Rd1 Rxb3 41.Ne1 Bb5 42.Rxe6 Rxf4 43.Rd6 Rg4+ 44.Kf2 Rb2+
45.Kf3 Rxh2 46.Nxd3 Rh3+ 47.Kf2 Rxg5 48.Nf4 Rh4 49.Nd5 h6 50.Rc1 Rc4 51.Re1 f4
52.Rd8+ Kf7 53.Re7+ Kg6 54.Rd6+ Kf5 55.Re2 Kg4 56.Nf6+ Kh3 57.Ne4 Rg2+ 58.Kf3 Rc3+
59.Nxc3 Bxe2+ 60.Nxe2  1-0

[Event "Montecatini Terme op"]
[Site "Montecatini Terme"]
[Date "1998.??.??"]
[Round "6"]
[White "Wagman, Stuart"]
[Black "Drei, Andrea"]
[Result "0-1"]
[WhiteElo "2180"]
[BlackElo "2320"]

1.e4 c5 2.Nf3 e6 3.d4 cxd4 4.Nxd4 Nc6 5.Nc3 Qc7 6.g3 a6 7.Bg2 Nf6 8.O-O Bc5
9.Nxc6 dxc6 10.Na4 Ba7 11.c4 Nd7 12.b4 a5 13.Bb2 axb4 14.Bxg7 Rg8 15.Bh6 e5
16.Be3 Bxe3 17.fxe3 Nf8 18.c5 Be6 19.Nb6 Ra5 20.Qc2 Qe7 21.Rfc1 h5 22.Nd5 cxd5
23.exd5 Bc8 24.d6 Qg5 25.c6 bxc6 26.Bxc6+ Nd7 27.Qe4 f5 28.Qc4 Rg6 29.Bd5 Qxe3+
30.Kh1 Rc5 31.Qf1 Rxd6 32.Re1 Qg5  0-1